La poesía de Jorge Teillier: la tragedia de los lares
Αποθηκεύτηκε σε:
| Κύριος συγγραφέας: | |
|---|---|
| Μορφή: | Βιβλίο |
| Γλώσσα: | Ισπανικά |
| Έκδοση: |
Concepción
Literatura Americana Reunida
2001
|
| Σειρά: | Colección Estudios, Tesis y Monografías
|
| Θέματα: | |
| Ετικέτες: |
Προσθήκη ετικέτας
Δεν υπάρχουν, Καταχωρήστε ετικέτα πρώτοι!
|
MARC
| LEADER | 00000nam a2200000 a 4500 | ||
|---|---|---|---|
| 001 | UCM0467 | ||
| 003 | CL-VaPUC | ||
| 008 | 020301e20010000CL |||||||||||||||||spa|d | ||
| 082 | 0 | 4 | |a Ch861.9 |b BIN |2 21 |
| 100 | 0 | |a Binns, Niall |e author |9 467274 | |
| 245 | 1 | 3 | |a La poesía de Jorge Teillier: la tragedia de los lares |
| 300 | |a 144 p | ||
| 942 | |c BK | ||
| 945 | |d 20020301 00:00:00 |a cmena | ||
| 260 | |a Concepción |b Literatura Americana Reunida |c 2001 | ||
| 600 | 0 | |a Teillier, Jorge, |d 1935-1996 |9 326721 | |
| 650 | 7 | |a POESIA CHILENA - EVALUACION CRITICA |2 CL-VaPUC |9 467275 | |
| 650 | 7 | |a POESIA CHILENA - CRITICA E INTERPRETACION |2 CL-VaPUC |9 464371 | |
| 650 | 7 | |a POESIA CHILENA - MOTIVOS LITERARIOS |2 CL-VaPUC |9 467276 | |
| 583 | |a last modification |c 20020301 00:00:00 |k Rodrigo Vera | ||
| 490 | 0 | |a Colección Estudios, Tesis y Monografías | |
| 999 | |c 299372 |d 299370 | ||
| 952 | |0 0 |1 0 |4 0 |6 CH_861_900000000000000_BIN_2001 |7 0 |8 A |9 355878 |a FDOPOS |b FDOPOS |d 2019-11-21 |i 3794474 |o Ch861.9 BIN 2001 |p 3794474 |r 2025-01-22 |w 2019-11-21 |y BK |k MLH | ||